Mass spectrometry ; a NATO advanced study institute on theory, design, and applications, held in Glasgow, August, 1964 /

Bibliographic Details
Corporate Authors: NATO Advanced Study Institute on Mass Spectrometry Glasgow, North Atlantic Treaty Organization
Other Authors: Reed, Rowland Ivor
Format: Conference Proceeding Book
Language:English
Published: London, New York : Academic Press, 1965.
Subjects:

MARC

Tag First Indicator Second Indicator Subfields
LEADER 00000cam a2200000 4500
001 in00000052391
005 20151007070122.0
008 730115s1965 enk b 00000 eng u
010 |a  65027320  
035 |a (OCoLC)00537175 
035 |9 AAE3374AM 
040 |c WSU  |d TXA  |d UtOrBLW 
049 |a TXAM  |c [463201] 
050 0 |a QC454  |b .N33 1964 
092 |a 545.33  |b N279m, 1965 
111 2 |a NATO Advanced Study Institute on Mass Spectrometry  |d (1964 :  |c Glasgow) 
245 1 0 |a Mass spectrometry ;  |b a NATO advanced study institute on theory, design, and applications, held in Glasgow, August, 1964 /  |c edited by R. I. Reed. 
264 1 |a London,  |a New York :  |b Academic Press,  |c 1965. 
300 |a 463 pages 
336 |a text  |b txt  |2 rdacontent 
337 |a unmediated  |b n  |2 rdamedia 
338 |a volume  |b nc  |2 rdacarrier 
504 |a Includes bibliographies. 
650 0 |a Mass spectrometry. 
700 1 |a Reed, Rowland Ivor. 
710 2 |a North Atlantic Treaty Organization. 
999 |a MARS 
999 f f |s 0bb247f8-486a-3795-a6db-d28c167499cf  |i d69be8b8-6741-3548-85cd-67836641e83c  |t 0 
952 f f |p ric  |a Texas A&M University  |b Rellis Campus  |c Joint Library Facility  |d Remote Storage  |t 0  |e QC454 .N33 1964  |h Library of Congress classification  |i unmediated -- volume  |m A14800941009 
998 f f |a QC454 .N33 1964  |t 0  |l Remote Storage